000
00328nam a22001457a 4500
008
210602b ||||| |||| 00| 0 eng d
020
_a
9780240802251
041
_a
eng
080
_2
2nd
_a
004
082
_a
004
100
_a
28
101
_a
SHKI
245
_a
Digital No linear Editing
_c
Thomas A. Ohanian
942
_2
udc
_c
BK
999
_c
57898
_d
57898